000 00536nam a2200205Ia 4500
005 20250923145540.0
008 008 250917s9999 xx 000 0 eng d
037 _aTextual
040 _aDSWL
_beng
_cDSWL
041 _aeng
_2eng
084 _aQ:361, N78
_qDSWL
100 _aOasthuizen, G.C.
_9836469
245 0 _aEuthanasia
_c by G.C.Oasthuizen
260 _aLondon
_bOxford
_c1978
300 _a241 p.
365 _aGBP
_b12
925 _g12
942 _cTEXL
_hQ:361, N78
999 _c1452721
_d1452721